| 000 | 00901nam a22002897a 4500 | ||
|---|---|---|---|
| 001 | 9322 | ||
| 003 | FISKH | ||
| 005 | 20260319153812.0 | ||
| 008 | 251210b cb ||||| |||| 00| 0 eng d | ||
| 020 | _a9780698115545 | ||
| 040 |
_aFISKH _beng _cFISKH _dFISKH |
||
| 050 | _aPZ8.C667 P | ||
| 082 | _a823.914 | ||
| 100 |
_aCole, Babette _eAuthor |
||
| 245 |
_aPrince Cinders / _cby Babette Cole |
||
| 260 |
_aNew York : _bThe Putnam & Grosset Group , _c1997 |
||
| 300 |
_a30 unnumbered pages : _bcolor illustrations ; _c19 x 23 cm |
||
| 490 | _aPrincess Smartypants | ||
| 505 | _aP | ||
| 520 | _aA fairy grants a small, skinny prince a change in appearance and the chance to go to the Palace Disco. | ||
| 521 | 8 |
_a630
_bLexile AD |
|
| 521 | 8 |
_aP
_bRaz-Plus |
|
| 650 |
_aChildren's fiction _vChildren's literature |
||
| 650 |
_aFairy tale _vPrince |
||
| 942 |
_2ddc _cBK _n0 |
||
| 999 |
_c9322 _d9322 |
||